Groups of Things #1 - Statistics

General Stats
  • This quiz has been taken 48 times
  • The average score is 6 of 20
Answer Stats
A group is called... % Correct
4) of lions Pride
94%
5) of wolves/dogs Pack
92%
1) of fish School
92%
2) of crows Murder
83%
6) of birds Flock
77%
9) of owls Parliament
48%
19) of bees Swarm
48%
16) of ants Colony
31%
11) of frogs Army
21%
3) of hyenas Cackle
10%
14) of starlings Murmuration
6%
20) of clams Bed
4%
13) of rats Mischief
4%
15) of elephants Parade
4%
12) of ducks Raft
4%
18) of squirrels Scurry
4%
7) of apes Shrewdness
4%
17) of barracudas Battery
2%
8) of cheetahs Coalition
2%
10) of zebras Zeal
2%
No matching quizzes found
Score Distribution
Percent of People with Each Score
Percentile by Number Answered
Your Score History
You have not taken this quiz